| 000 | 00594nam a22001937a 4500 | ||
|---|---|---|---|
| 003 | OSt | ||
| 005 | 20180116183058.0 | ||
| 008 | 161111b xxu||||| |||| 00| 0 eng d | ||
| 020 | _a9781942471677 | ||
| 040 | _c0 | ||
| 082 | _a332 CFA 2017 | ||
| 100 | _aCFA Institute | ||
| 110 | _aCFA Institute | ||
| 245 |
_aEthical and Professional Standards and Quantitative Methods _bCFA Program Curriculum 2017 Level I- Volume 1 _cCFA Institute |
||
| 260 |
_aUSA _bWiley _c2017 |
||
| 300 |
_a740+30p. _bPB |
||
| 440 | _aEthical and Professional Standards and Quantitative Methods | ||
| 942 |
_2ddc _cBK |
||
| 999 |
_c351930 _d351930 |
||